[Event "81st ch-FRA"]
[Site "Besancon BRA"]
[Date "2006.08.19"]
[Round "6"]
[White "Tkachiev,V"]
[Black "Sokolov,And1"]
[Result "1-0"]
[WhiteElo "2645"]
[BlackElo "2589"]
[EventDate "2006.08.14"]

1. d4 Nf6 2. c4 e6 3. Nf3 b6 4. g3 Ba6 5. Qc2 Bb7 6. Bg2 c5 7. d5 exd5 8.
cxd5 Bxd5 9. Nc3 Bxf3 10. Bxf3 Nc6 11. Qa4 Rc8 12. Bf4 Be7 13. O-O-O O-O
14. Kb1 Qe8 15. g4 d5 16. g5 Ne4 17. Nxe4 dxe4 18. Qxe4 Nd4 19. Bg4 Qc6 20.
Qxc6 Rxc6 21. e3 Ne6 22. Bxe6 Rxe6 23. Rd7 f6 24. gxf6 Bxf6 25. Rxa7 Rd8
26. Kc2 c4 27. Rc1 b5 28. Rb7 Rd5 29. Rd1 Rxd1 30. Kxd1 Bxb2 31. a4 Ra6 32.
axb5 Ra1+ 33. Kc2 Bf6 34. Rc7 Ra2+ 35. Kd1 Rb2 36. Rxc4 Rxb5 37. Ke2 Kf7
38. Kf3 h5 39. Rc7+ Ke6 40. Rc6+ Kf7 41. Bd6 Rb2 42. Rc5 g5 43. h3 Ra2 44.
Bg3 Ra4 45. Be5 Bxe5 46. Rxe5 Kf6 47. Rd5 Ra1 48. h4 g4+ 49. Kf4 Kg6 50.
Rd6+ Kg7 51. e4 Ra2 52. Kg5 Re2 53. Re6 Rxf2 54. Kxh5 Kf7 55. Rg6 Ra2 56.
Rxg4 Ra8 57. Kg5 Rg8+ 58. Kf5 Rh8 59. Rf4 Rg8 60. Ke5+ Ke7 61. Rf5 Rg1 62.
Rg5 Rh1 63. Rg4 Kf7 64. Kf5 Ra1 65. e5 Rf1+ 66. Rf4 Rh1 67. h5 Ke7 68. Kg5
Ke6 69. h6 Kxe5 70. Rg4 Ke6 71. Kg6 1-0

[Event "81st ch-FRA"]
[Site "Besancon BRA"]
[Date "2006.08.21"]
[Round "7"]
[White "Dorfman,J"]
[Black "Fressinet,L"]
[Result "1/2-1/2"]
[WhiteElo "2586"]
[BlackElo "2626"]
[EventDate "2006.08.14"]

1. d4 d5 2. c4 c6 3. Nf3 Nf6 4. Nc3 dxc4 5. a4 Bf5 6. Ne5 Nbd7 7. Nxc4 Qc7
8. g3 e5 9. dxe5 Nxe5 10. Bf4 Nfd7 11. Bg2 f6 12. O-O Nc5 13. Ne3 Bg6 14.
b4 Rd8 15. Ned5 cxd5 16. bxc5 Bxc5 17. Rc1 b6 18. Bxd5 Bf7 19. Nb5 Qe7 20.
Bxe5 Bxd5 21. Bd6 Rxd6 22. Rxc5 bxc5 1/2-1/2

[Event "81st ch-FRA"]
[Site "Besancon BRA"]
[Date "2006.08.21"]
[Round "7"]
[White "Lautier,J"]
[Black "Colin,V"]
[Result "1-0"]
[WhiteElo "2675"]
[BlackElo "2415"]
[EventDate "2006.08.14"]

1. d4 Nf6 2. c4 e6 3. Nf3 Bb4+ 4. Nbd2 Ne4 5. a3 Bxd2+ 6. Nxd2 Nxd2 7. Bxd2
d6 8. Bc3 O-O 9. g3 Nd7 10. Bg2 a5 11. a4 e5 12. c5 Ra6 13. O-O Qe7 14.
cxd6 Rxd6 15. d5 Ra6 16. Qd2 Nc5 17. Qc2 b6 18. b4 Nb7 19. Qb2 Re8 20. Rfc1
Ra7 21. bxa5 Nxa5 22. Bb4 Qd8 23. Qc2 Bd7 24. Ra3 Qb8 25. Rc3 Nb7 26. Rxc7
Bxa4 27. Qf5 Nd8 28. d6 1-0

[Event "81st ch-FRA"]
[Site "Besancon BRA"]
[Date "2006.08.21"]
[Round "7"]
[White "Sokolov,And1"]
[Black "Fontaine,R"]
[Result "1-0"]
[WhiteElo "2589"]
[BlackElo "2518"]
[EventDate "2006.08.14"]

1. e4 c6 2. d4 d5 3. Nc3 dxe4 4. Nxe4 Bf5 5. Ng3 Bg6 6. h4 h6 7. Nf3 Nd7 8.
h5 Bh7 9. Bd3 Bxd3 10. Qxd3 e6 11. Bf4 Qa5+ 12. Bd2 Qc7 13. O-O-O Ngf6 14.
Qe2 Bd6 15. Nf5 Bf4 16. Ne3 b5 17. g3 Bxe3 18. Bxe3 Nd5 19. g4 Qa5 20. Kb1
Rb8 21. Rd3 b4 22. Rb3 Rb6 23. Bd2 O-O 24. g5 hxg5 25. h6 g6 26. Nxg5 N5f6
27. h7+ Kh8 28. Bf4 Qd5 29. Rd1 Rb5 30. Rf3 Ra5 31. b3 Qb5 32. Qxb5 Rxb5
33. Be5 Kg7 34. Rxf6 Nxf6 35. f4 Rxe5 36. dxe5 Nd5 37. Rh1 Rh8 38. Kb2 a5
39. a3 f6 40. Nxe6+ Kf7 41. Nd8+ Kg7 42. Ne6+ Kf7 43. Nd8+ Kg7 44. Nxc6 f5
45. Nxa5 bxa3+ 46. Kxa3 Nxf4 47. b4 g5 48. b5 g4 49. b6 g3 50. b7 Ne2 51.
Nc6 g2 52. Rd1 f4 53. Nd8 Rxd8 54. Rxd8 Kxh7 55. b8=Q g1=Q 56. Rh8+ 1-0

[Event "81st ch-FRA"]
[Site "Besancon BRA"]
[Date "2006.08.22"]
[Round "8"]
[White "Fressinet,L"]
[Black "Lautier,J"]
[Result "1/2-1/2"]
[WhiteElo "2626"]
[BlackElo "2675"]
[EventDate "2006.08.14"]

1. e4 c5 2. Nf3 Nc6 3. Bb5 Nf6 4. Bxc6 dxc6 5. d3 g6 6. Bd2 Bg4 7. Bc3 Bg7
8. Nbd2 O-O 9. h3 Bxf3 10. Nxf3 Nh5 11. Bxg7 Nxg7 12. Qd2 f6 13. Qc3
1/2-1/2

[Event "81st ch-FRA"]
[Site "Besancon BRA"]
[Date "2006.08.22"]
[Round "8"]
[White "Vaisser,A"]
[Black "Vachier Lagrave,M"]
[Result "1/2-1/2"]
[WhiteElo "2568"]
[BlackElo "2577"]
[EventDate "2006.08.14"]

1. d4 Nf6 2. c4 g6 3. Nc3 d5 4. cxd5 Nxd5 5. e4 Nxc3 6. bxc3 Bg7 7. Bc4 c5
8. Ne2 Nc6 9. Be3 cxd4 10. cxd4 Qa5+ 11. Bd2 Qh5 12. d5 Ne5 13. Bb5+ Bd7
14. Bxd7+ Nxd7 15. Rb1 Qg4 16. Ng3 Qxd1+ 17. Kxd1 h5 18. f3 b6 19. Ke2 Nc5
20. Rhc1 Kd7 21. Rc4 Rac8 22. Nf1 e6 23. Ne3 f5 24. dxe6+ Kxe6 25. Rbc1
fxe4 26. fxe4 Be5 27. Bb4 Bd6 28. Nc2 Rhe8 29. Nd4+ Kf7 30. Nf3 Rcd8 31.
Bxc5 Bxc5 32. Rd1 Rxd1 33. Kxd1 Ke6 34. Ke2 Kd6 35. a4 a6 36. Kd3 b5 37.
axb5 axb5 38. Rc3 Ra8 39. Rb3 Ra2 1/2-1/2

[Event "81st ch-FRA"]
[Site "Besancon BRA"]
[Date "2006.08.22"]
[Round "8"]
[White "Bauer,Ch"]
[Black "Dorfman,J"]
[Result "1/2-1/2"]
[WhiteElo "2599"]
[BlackElo "2586"]
[EventDate "2006.08.14"]

1. c4 Nf6 2. Nc3 e5 3. Nf3 Nc6 4. g3 Nd4 5. Nxe5 Qe7 6. f4 d6 7. Nd3 Bf5 8.
Kf2 O-O-O 9. Ne1 h5 10. e3 Ne6 11. d4 g5 12. Nd5 Ne4+ 13. Kg1 Qd7 14. Bd3
gxf4 15. Bxe4 Bxe4 16. Nf6 Qc6 17. d5 Qxc4 18. Nxe4 Qxe4 19. dxe6 fxg3 20.
hxg3 fxe6 21. Qd4 Qh7 22. Qxa7 Rg8 23. Qa8+ Kd7 24. Qxb7 Rxg3+ 25. Kf2 h4
26. Qb5+ Kc8 27. Qa6+ Kb8 28. Qb5+ Kc8 29. Bd2 d5 30. Qa6+ Kb8 31. Qb5+ Kc8
32. Qa6+ Kb8 33. Qb5+ 1/2-1/2

[Event "81st ch-FRA"]
[Site "Besancon BRA"]
[Date "2006.08.22"]
[Round "8"]
[White "Libiszewski,F"]
[Black "Sokolov,And1"]
[Result "1-0"]
[WhiteElo "2482"]
[BlackElo "2589"]
[EventDate "2006.08.14"]

1. e4 c5 2. Nf3 e6 3. d4 cxd4 4. Nxd4 Nf6 5. Nc3 d6 6. Be3 a6 7. f3 b5 8.
Qd2 Bb7 9. O-O-O Nc6 10. g4 Rc8 11. a3 Be7 12. g5 Nd7 13. h4 b4 14. axb4
Nxb4 15. Kb1 O-O 16. h5 Ne5 17. g6 Bf6 18. h6 fxg6 19. hxg7 Re8 20. Bh3
Nxf3 21. Nxf3 Rxc3 22. e5 Rb3 23. exf6 Qa5 24. Qd4 Bxf3 25. f7+ Kxf7 26.
Rhf1 Kg8 27. Rxf3 Qa2+ 28. Kc1 1-0

[Event "81st ch-FRA"]
[Site "Besancon BRA"]
[Date "2006.08.22"]
[Round "8"]
[White "Colin,V"]
[Black "Nataf,IA"]
[Result "0-1"]
[WhiteElo "2415"]
[BlackElo "2592"]
[EventDate "2006.08.14"]

1. d4 Nf6 2. c4 g6 3. Nc3 Bg7 4. e4 d6 5. f4 c5 6. d5 O-O 7. Nf3 e6 8. Be2
exd5 9. cxd5 Bg4 10. O-O Nbd7 11. h3 Bxf3 12. Bxf3 Ne8 13. Be3 Nc7 14. Qc2
Re8 15. Rae1 Rb8 16. e5 dxe5 17. f5 Nf6 18. fxg6 hxg6 19. Bg5 Qd6 20. Bxf6
Qxf6 21. Ne4 Qb6 22. Qf2 c4 23. Qxb6 axb6 24. Nd6 b5 25. Nxe8 Nxe8 26. d6
Nxd6 27. Rd1 Bf8 28. Rfe1 Re8 29. Bd5 Kg7 30. a3 f5 31. h4 Kf6 32. g3 e4
33. Kg2 Bh6 34. Re2 Ke5 35. g4 Bf4 36. h5 gxh5 37. gxf5 Kxf5 38. Kh3 Ke5
39. Kg2 Re7 40. Bxe4 Rg7+ 41. Kh1 Nxe4 42. Rde1 Be3 43. Rxe3 Rg4 44. Rf3
Kd6 45. Rd1+ Kc6 46. Kh2 Rg5 47. Re1 Nd6 48. Rd1 Rg6 49. Rh3 Rg5 50. Rf3
Rg6 51. Rh3 Rh6 52. Kg1 Ne4 53. Rd4 Nc5 54. Rdh4 Rd6 55. Rh2 Na4 56. Kf1
Rd1+ 57. Ke2 Nxb2 58. Rxh5 c3 59. Rh8 Rd2+ 60. Ke1 Nd3+ 61. Kf1 Rxh2 62.
Rxh2 Kd5 63. Rc2 Kc4 64. Ke2 b4 65. axb4 Nxb4 66. Rc1 Na2 67. Rb1 b5 0-1

[Event "81st ch-FRA"]
[Site "Besancon BRA"]
[Date "2006.08.23"]
[Round "9"]
[White "Dorfman,J"]
[Black "Tkachiev,V"]
[Result "1/2-1/2"]
[WhiteElo "2586"]
[BlackElo "2645"]
[EventDate "2006.08.14"]

1. d4 Nf6 2. c4 e6 3. Nf3 b6 4. g3 Ba6 5. b3 Bb7 6. Bg2 Bb4+ 7. Bd2 c5 8.
O-O O-O 9. Bc3 Na6 10. a3 Bxc3 11. Nxc3 cxd4 12. Nxd4 Bxg2 13. Kxg2 1/2-1/2

[Event "81st ch-FRA"]
[Site "Besancon BRA"]
[Date "2006.08.23"]
[Round "9"]
[White "Sokolov,And1"]
[Black "Vaisser,A"]
[Result "1/2-1/2"]
[WhiteElo "2589"]
[BlackElo "2568"]
[EventDate "2006.08.14"]

1. e4 e6 2. d4 d5 3. Nd2 dxe4 4. Nxe4 Nd7 5. Nf3 Ngf6 6. Nxf6+ Nxf6 7. Be3
Nd5 8. Bd2 c5 9. Ne5 a6 10. c3 Bd6 11. Qg4 O-O 12. Bh6 Qf6 13. Bg5 Qf5 14.
Qxf5 exf5 15. O-O-O cxd4 16. Rxd4 Bxe5 17. Rxd5 f6 18. Bc4 Be6 19. Be3 f4
20. Rxe5 Bxc4 21. Rc5 Bxa2 1/2-1/2

[Event "81st ch-FRA"]
[Site "Besancon BRA"]
[Date "2006.08.23"]
[Round "9"]
[White "Vachier Lagrave,M"]
[Black "Colin,V"]
[Result "1-0"]
[WhiteElo "2577"]
[BlackElo "2415"]
[EventDate "2006.08.14"]

1. e4 e5 2. Nf3 Nc6 3. Bb5 a6 4. Ba4 Nf6 5. O-O Be7 6. Re1 b5 7. Bb3 d6 8.
c3 O-O 9. d4 Bg4 10. d5 Na5 11. Bc2 Qc8 12. h3 Bd7 13. Nbd2 c6 14. b4 Nc4
15. Nxc4 bxc4 16. dxc6 Qxc6 17. a4 Ne8 18. b5 Qb7 19. bxa6 Rxa6 20. Ba3 f6
21. Bb4 Nc7 22. Qe2 Rc6 23. Nd2 Qa6 24. a5 Ne6 25. Ba4 Nf4 26. Qf1 Nd3 27.
Re3 Be6 28. Bxc6 Qxc6 29. Rxd3 cxd3 30. Qxd3 Ra8 31. Nf1 Bc4 32. Qc2 Bd8
33. Ne3 Be6 34. Qd3 Qa6 35. c4 Bb6 36. Nd5 Bd4 37. Bc3 Bxd5 38. exd5 Bc5
39. Rb1 Re8 40. Rb5 e4 41. Qb1 e3 42. fxe3 Bxe3+ 43. Kh1 Qc8 44. Qd3 Bf4
45. Qf3 g5 46. Qf1 Re3 47. Bd2 Re4 48. Qb1 Qf5 49. a6 Bxd2 50. a7 1-0

[Event "81st ch-FRA"]
[Site "Besancon BRA"]
[Date "2006.08.23"]
[Round "9"]
[White "Nataf,IA"]
[Black "Fressinet,L"]
[Result "1/2-1/2"]
[WhiteElo "2592"]
[BlackElo "2626"]
[EventDate "2006.08.14"]

1. e4 e5 2. Nf3 Nc6 3. d4 exd4 4. Nxd4 Bc5 5. Nxc6 Qf6 6. Qf3 bxc6 7. Nd2
d6 8. Nb3 Bb6 9. Bd2 Be6 10. Bc3 Qh6 11. Ba6 Ne7 12. a4 f5 13. a5 fxe4 14.
Qxe4 Bxf2+ 15. Kxf2 Bd5 16. Qe2 O-O+ 17. Kg1 Rae8 18. Bc4 Ng6 19. Bxd5+
cxd5 20. Qd3 Nf4 21. Bd2 Nxd3 22. Bxh6 Nf2 23. Bg5 c5 24. a6 Re2 25. Na5
Nxh1 26. Kxh1 h6 27. Bh4 Re4 28. g4 Rb8 29. Nb7 Re2 30. Rc1 c4 31. Bg3 d4
32. Bxd6 Rbe8 33. Nc5 Rc8 34. Rd1 Rxc2 35. Rxd4 Re8 36. Re4 Rd8 37. Nb7 Rd7
38. Kg1 Rf7 39. Bg3 Rd7 40. Nd6 1/2-1/2

[Event "81st ch-FRA"]
[Site "Besancon BRA"]
[Date "2006.08.23"]
[Round "9"]
[White "Fontaine,R"]
[Black "Libiszewski,F"]
[Result "1-0"]
[WhiteElo "2518"]
[BlackElo "2482"]
[EventDate "2006.08.14"]

1. Nf3 Nf6 2. d4 g6 3. g3 Bg7 4. Bg2 O-O 5. O-O d6 6. Nc3 d5 7. Ne5 c6 8.
Bf4 Be6 9. Qd2 Nbd7 10. Rad1 Nxe5 11. Bxe5 Bf5 12. Rfe1 Re8 13. h3 h5 14.
f3 Nh7 15. Bxg7 Kxg7 16. e4 Be6 17. Ne2 dxe4 18. Nf4 exf3 19. Rxe6 Qd7 20.
Bxf3 fxe6 21. Qd3 Nf8 22. Qe3 Qc7 23. Rf1 Qa5 24. b4 Qg5 25. Kh2 e5 26.
dxe5 e6 27. Nxh5+ Kh6 28. Nf4 Kg7 29. h4 Qh6 30. Bg4 Re7 31. Qf2 Kh8 32.
Nh3 Nh7 33. Qd4 Rf8 34. Rxf8+ Qxf8 35. Nf4 Qf7 36. h5 Nf8 37. hxg6 Qe8 38.
Bh5 Kg7 39. Qf2 Nd7 40. Be2 Qh8+ 41. Kg1 Kg8 42. Nxe6 Qxe5 43. Bc4 Nf6 44.
Qf4 Qxf4 45. gxf4 Kh8 46. Kg2 b5 47. Bb3 a5 48. bxa5 Ra7 49. Kf3 Rxa5 50.
f5 c5 51. Nxc5 b4 52. Ne6 Rxf5+ 53. Ke2 Nd7 54. g7+ 1-0

[Event "81st ch-FRA"]
[Site "Besancon BRA"]
[Date "2006.08.24"]
[Round "10"]
[White "Dorfman,J"]
[Black "Lautier,J"]
[Result "1/2-1/2"]
[WhiteElo "2586"]
[BlackElo "2675"]
[EventDate "2006.08.14"]

1. d4 Nf6 2. c4 e6 3. g3 d5 4. Nf3 Be7 5. Bg2 O-O 6. O-O dxc4 7. Qc2 a6 8.
Qxc4 b5 9. Qc2 Bb7 10. Bd2 Be4 11. Qc1 Bb7 12. Qc2 Be4 13. Qc1 Bb7 1/2-1/2

[Event "81st ch-FRA"]
[Site "Besancon BRA"]
[Date "2006.08.24"]
[Round "10"]
[White "Tkachiev,V"]
[Black "Libiszewski,F"]
[Result "1-0"]
[WhiteElo "2645"]
[BlackElo "2482"]
[EventDate "2006.08.14"]

1. d4 Nf6 2. c4 e6 3. Nf3 d5 4. g3 dxc4 5. Bg2 Nc6 6. Qa4 Nd7 7. Qxc4 Nb6
8. Qb5 Bd7 9. Qb3 Na5 10. Qd3 c5 11. O-O Bc6 12. Rd1 cxd4 13. Nxd4 Bxg2 14.
Kxg2 Qd5+ 15. e4 Qd7 16. Qe2 Bc5 17. Nf5 1-0

[Event "81st ch-FRA"]
[Site "Besancon BRA"]
[Date "2006.08.24"]
[Round "10"]
[White "Colin,V"]
[Black "Sokolov,And1"]
[Result "1/2-1/2"]
[WhiteElo "2415"]
[BlackElo "2589"]
[EventDate "2006.08.14"]

1. d4 Nf6 2. c4 e6 3. Nc3 Bb4 4. e3 b6 5. Nge2 Ba6 6. Ng3 h5 7. h4 Bb7 8.
Bd3 Bxg2 9. Rg1 Bb7 10. e4 Nc6 11. d5 Ne5 12. Bg5 Qe7 13. Be2 O-O-O 14. Qd4
d6 15. a3 c5 16. Qd2 Bxc3 17. Qxc3 Qc7 18. O-O-O Rde8 19. f4 Ned7 20. Bxf6
Nxf6 21. e5 dxe5 22. d6 Qc6 23. fxe5 Nd7 24. Rgf1 Ref8 25. Bxh5 f6 26. Bg4
Nxe5 27. Bxe6+ Kb8 28. Nf5 Rd8 29. Rd5 Qe8 30. Rxe5 fxe5 31. Qxe5 Ka8 32.
Nxg7 Qc6 33. Rd1 Qe4 34. Qxe4 Bxe4 35. d7 Rxh4 36. Rf1 Rh1 37. Rxh1 Bxh1
38. Ne8 Bc6 39. Nf6 a5 40. Kd2 Kb7 41. Ke3 Kc7 42. Ne8+ Kb8 43. Nf6 Kc7
1/2-1/2

[Event "81st ch-FRA"]
[Site "Besancon BRA"]
[Date "2006.08.24"]
[Round "10"]
[White "Bauer,Ch"]
[Black "Nataf,IA"]
[Result "1/2-1/2"]
[WhiteElo "2599"]
[BlackElo "2592"]
[EventDate "2006.08.14"]

1. e4 c5 2. Nf3 Nc6 3. Bb5 e6 4. Bxc6 bxc6 5. d3 Ne7 6. Qe2 Qc7 7. Ng5 Ng6
8. f4 c4 9. dxc4 Ba6 10. b3 Nxf4 11. Qf3 Qa5+ 12. Bd2 Qxg5 13. Bxf4 Qa5+
14. Bd2 Qb6 15. Nc3 Be7 16. Qg3 Qd4 17. O-O-O Bf6 18. Rhf1 Qe5 19. Qxe5
Bxe5 20. g3 f6 21. Na4 d6 22. Bf4 Ke7 23. Bxe5 fxe5 24. Kd2 Rhf8 25. Rxf8
Rxf8 26. Ke3 g5 27. h3 Rf6 28. Rh1 Rh6 29. Rh2 Rf6 30. h4 g4 31. Rf2 Rg6
32. Nb2 Rg8 33. Nd3 c5 34. h5 Rg5 35. Rh2 Bb7 36. Rh4 Bc6 37. Nf2 d5 38.
cxd5 exd5 39. exd5 Bxd5 40. Rxg4 Rxh5 41. Ra4 Rg5 42. Rxa7+ Kd6 43. g4 h5
44. c4 Bc6 45. gxh5 Rxh5 46. Rg7 Rh8 47. Rg6+ Kc7 48. Rg5 Kd6 49. Rg6+ Kc7
50. Rg5 Kd6 51. Nd3 Rh3+ 52. Kd2 Rh2+ 53. Kc3 Rh3 54. Kd2 Rh2+ 55. Kc1 Be4
56. Nxe5 Rc2+ 57. Kb1 Re2+ 58. Ka1 Re1+ 59. Kb2 Re2+ 60. Ka3 Bb1 61. Nf7+
Ke6 62. Nd8+ Ke7 63. Re5+ 1/2-1/2

[Event "81st ch-FRA"]
[Site "Besancon BRA"]
[Date "2006.08.25"]
[Round "11"]
[White "Libiszewski,F"]
[Black "Vaisser,A"]
[Result "0-1"]
[WhiteElo "2482"]
[BlackElo "2568"]
[EventDate "2006.08.14"]

1. e4 e6 2. d4 d5 3. Nc3 dxe4 4. Nxe4 Nd7 5. Nf3 Ngf6 6. Bd3 c5 7. O-O cxd4
8. Nxd4 Be7 9. c3 O-O 10. Ng3 Qc7 11. Re1 Re8 12. Nh5 a6 13. Bf4 Qb6 14.
Re3 g6 15. Nxf6+ Bxf6 16. Nb3 Bg7 17. Be4 e5 18. Bf3 Rd8 19. Bg3 Nf8 20.
Qe2 f6 21. Qc4+ Qe6 22. Qxe6+ Nxe6 23. Na5 Rb8 24. Rd1 Rxd1+ 25. Bxd1 Kf8
26. Rd3 Ke7 27. f3 Bd7 28. Bf2 b6 29. Nc4 Bb5 30. Bb3 Nc5 31. Bxc5+ bxc5
32. Rd5 Bxc4 33. Bxc4 Rxb2 34. Rxc5 Bh6 35. Rc6 Be3+ 36. Kf1 Rf2+ 37. Ke1
Rxg2 38. Rxa6 Rxh2 39. Re6+ Kd7 40. Rxf6 Bd2+ 41. Kf1 Bxc3 42. Kg1 Rh4 43.
Bg8 Ke8 44. Rf7 h6 45. Kg2 g5 46. Rh7 e4 47. fxe4 Be5 48. Bf7+ Ke7 49. Bh5+
Kd8 50. Bf3 g4 51. Bxg4 Rxg4+ 52. Kh3 Rg6 53. Rb7 Ra6 54. Rb5 Bf4 55. Rf5
Bg5 56. Rf2 Ke7 57. Kg2 Ke6 58. Re2 Ke5 59. Kf2 Ra3 60. Kg2 h5 61. Kf2 h4
62. Rb2 Rg3 63. Rb3 Bf4 0-1

[Event "81st ch-FRA"]
[Site "Besancon BRA"]
[Date "2006.08.25"]
[Round "11"]
[White "Fontaine,R"]
[Black "Colin,V"]
[Result "1/2-1/2"]
[WhiteElo "2518"]
[BlackElo "2415"]
[EventDate "2006.08.14"]

1. d4 d5 2. c4 e6 3. Nf3 Nf6 4. g3 dxc4 5. Bg2 Nc6 6. Qa4 Bb4+ 7. Bd2 Bd6
8. Qxc4 O-O 9. O-O e5 10. d5 Ne7 11. Nc3 h6 12. e4 a6 13. a4 Ng6 14. a5 Qe7
15. Ne1 Bd7 16. Nc2 Rfb8 17. b4 c6 18. dxc6 Bxc6 19. Rfb1 Rd8 20. Qe2 Nf8
21. Ne3 Ne6 22. Nf5 Qd7 23. Be3 Bf8 24. Rd1 Qe8 25. Nd5 Bxd5 26. exd5 Nf4
27. Bxf4 exf4 28. Qb2 fxg3 29. hxg3 Qb5 30. Nxh6+ gxh6 31. Qxf6 Bg7 32. Qf4
Bxa1 33. Rxa1 Rac8 34. Qxh6 Qxb4 35. Qg5+ Kf8 36. Qh6+ Kg8 37. Qg5+ Kf8 38.
Qh6+ 1/2-1/2

[Event "81st ch-FRA"]
[Site "Besancon BRA"]
[Date "2006.08.25"]
[Round "11"]
[White "Vachier Lagrave,M"]
[Black "Bauer,Ch"]
[Result "1/2-1/2"]
[WhiteElo "2577"]
[BlackElo "2599"]
[EventDate "2006.08.14"]

1. e4 c5 2. Nf3 Nc6 3. d4 cxd4 4. Nxd4 Nf6 5. Nc3 d6 6. Bg5 e6 7. Qd2 Be7
8. O-O-O O-O 9. Ndb5 Qb6 10. Qe1 Rd8 11. f4 Rd7 12. f5 a6 13. Be3 Qd8 14.
fxe6 fxe6 15. Nd4 Nxd4 16. Bxd4 b5 17. g3 e5 18. Be3 Qe8 19. Kb1 Rc7 20.
Bb6 Rc6 21. Ba5 Bg4 22. Be2 Qg6 23. Bxg4 Qxg4 24. h3 Qg6 25. Rh2 Rac8 26.
Re2 Bf8 27. g4 Rc4 28. Nd5 1/2-1/2

[Event "81st ch-FRA"]
[Site "Besancon BRA"]
[Date "2006.08.25"]
[Round "11"]
[White "Sokolov,And1"]
[Black "Fressinet,L"]
[Result "1/2-1/2"]
[WhiteElo "2589"]
[BlackElo "2626"]
[EventDate "2006.08.14"]

1. e4 e5 2. Nf3 Nc6 3. Bb5 a6 4. Ba4 Nf6 5. O-O Be7 6. Re1 b5 7. Bb3 O-O 8.
c3 d6 9. h3 Na5 10. Bc2 c5 11. d4 1/2-1/2

[Event "81st ch-FRA"]
[Site "Besancon BRA"]
[Date "2006.08.25"]
[Round "11"]
[White "Nataf,IA"]
[Black "Dorfman,J"]
[Result "1/2-1/2"]
[WhiteElo "2592"]
[BlackElo "2586"]
[EventDate "2006.08.14"]

1. e4 c5 2. Nf3 d6 3. d4 cxd4 4. Nxd4 Nf6 5. Nc3 a6 6. Bg5 e6 7. f4 Nbd7 8.
Bc4 Qb6 9. Qd2 Qxb2 10. O-O Qb4 11. Bxe6 fxe6 12. Nxe6 Kf7 13. f5 1/2-1/2